<?xml version="1.0" encoding="UTF-8"?>
<record
    xmlns:xsi="http://www.w3.org/2001/XMLSchema-instance"
    xsi:schemaLocation="http://www.loc.gov/MARC21/slim http://www.loc.gov/standards/marcxml/schema/MARC21slim.xsd"
    xmlns="http://www.loc.gov/MARC21/slim">

  <leader>00978cam a22002537a 4500</leader>
  <controlfield tag="001">12793939</controlfield>
  <controlfield tag="005">20220326193327.0</controlfield>
  <controlfield tag="008">020517s2001    gw a          000 0 mul  </controlfield>
  <datafield tag="010" ind1=" " ind2=" ">
    <subfield code="a">  2002492177</subfield>
  </datafield>
  <datafield tag="020" ind1=" " ind2=" ">
    <subfield code="a">3883755443</subfield>
  </datafield>
  <datafield tag="040" ind1=" " ind2=" ">
    <subfield code="a">DLC</subfield>
    <subfield code="c">DLC</subfield>
  </datafield>
  <datafield tag="041" ind1="0" ind2=" ">
    <subfield code="a">engfreger</subfield>
  </datafield>
  <datafield tag="082" ind1=" " ind2=" ">
    <subfield code="a">708</subfield>
    <subfield code="b">B 694v</subfield>
  </datafield>
  <datafield tag="100" ind1="1" ind2=" ">
    <subfield code="a">Boltanski, Christian,</subfield>
    <subfield code="d">1944-</subfield>
    <subfield code="9">2956</subfield>
  </datafield>
  <datafield tag="245" ind1="1" ind2="0">
    <subfield code="a">Christian Boltanski :</subfield>
    <subfield code="b">la vie impossible : Anhaltische Gem&#xE4;ldegalerie Dessau, [18.11.2001 bis 6.1.2002] /</subfield>
    <subfield code="c">[herausgegeber: Norbert Michels ;  redaktion: Norbert Michels und Brigitte Thee].</subfield>
  </datafield>
  <datafield tag="260" ind1=" " ind2=" ">
    <subfield code="a">K&#xF6;ln :</subfield>
    <subfield code="b">W. K&#xF6;nig,</subfield>
    <subfield code="c">c2001.</subfield>
  </datafield>
  <datafield tag="300" ind1=" " ind2=" ">
    <subfield code="a">1 v. (unpaged) :</subfield>
    <subfield code="b">ill. ;</subfield>
    <subfield code="c">26 cm.</subfield>
  </datafield>
  <datafield tag="500" ind1=" " ind2=" ">
    <subfield code="a">French, German and English.</subfield>
  </datafield>
  <datafield tag="600" ind1=" " ind2=" ">
    <subfield code="a">Boltanski, Christian</subfield>
    <subfield code="d">1944</subfield>
    <subfield code="x">Exhibiciones</subfield>
    <subfield code="9">2957</subfield>
  </datafield>
  <datafield tag="650" ind1=" " ind2=" ">
    <subfield code="x">Artistas-portafolio-Exhibiciones</subfield>
    <subfield code="x">Arte moderno</subfield>
    <subfield code="9">2958</subfield>
  </datafield>
  <datafield tag="700" ind1="1" ind2=" ">
    <subfield code="a">Michels, Norbert.</subfield>
    <subfield code="9">2959</subfield>
  </datafield>
  <datafield tag="906" ind1=" " ind2=" ">
    <subfield code="a">7</subfield>
    <subfield code="b">cbc</subfield>
    <subfield code="c">origres</subfield>
    <subfield code="d">4</subfield>
    <subfield code="e">ncip</subfield>
    <subfield code="f">20</subfield>
    <subfield code="g">y-gencatlg</subfield>
  </datafield>
  <datafield tag="999" ind1=" " ind2=" ">
    <subfield code="c">659</subfield>
    <subfield code="d">659</subfield>
  </datafield>
  <datafield tag="952" ind1=" " ind2=" ">
    <subfield code="0">0</subfield>
    <subfield code="1">0</subfield>
    <subfield code="2">ddc</subfield>
    <subfield code="4">0</subfield>
    <subfield code="7">0</subfield>
    <subfield code="a">LV</subfield>
    <subfield code="b">LV</subfield>
    <subfield code="c">Monograf&#xED;as</subfield>
    <subfield code="d">2015-06-05</subfield>
    <subfield code="l">0</subfield>
    <subfield code="o">708 B 694v</subfield>
    <subfield code="p">004048</subfield>
    <subfield code="r">2015-06-05 00:00:00</subfield>
    <subfield code="w">2015-06-05</subfield>
    <subfield code="y">01</subfield>
  </datafield>
</record>
